LEADER 01267nam a2200265 4500 001 000000359983 003 CaOOAMICUS 005 20240930103938.0 008 240927s1986 xxk 000 u eng r 020 $a0-02-421670-4 040 $aSeMil$bita 100 1 $aBerkeley, George,$d<1685-1753>.$0(OLS)http://semarc/name/21402 245 10$aThree dialogues between Hylas and Philonous /$cGeorge Berkeley ; edited, with an introduction by Colin M. Turbayne. 264 1$aNew York :$bMacmillan Publishing Company ;$aLondon :$bCollier Macmillan publishers,$c1986. 300 $aXXX, 114 p. $c21 cm 650 4$aGnoseologia.$0(OLS)http://semarc/subject/45858 700 1 $aTurbayne Colin M.$0(OLS)http://semarc/name/120519 850 $aSeMil 852 $aSeMil$W1$xVenegono$y1$m2P VII 500$j251085$B251025$CSeMilBibl$Z2$F251025 $81 961 $aBuzzi mons. Franco - Omaggio 996 $6020$a0-02-421670-4$9(OLS)http://semarc/number/301330 996 $6245$aThree dialogues between Hylas and Philonous$9(OLS)http://semarc/title/450408 996 $6264$aNew York :$bMacmillan Publishing Company$9(OLS)http://semarc/publisher/61981 996 $6264$aLondon :$bCollier Macmillan publishers$9(OLS)http://semarc/publisher/45981 LEADER 01066nam a2200253 i 4500 001 000000204639 003 CaOOAMICUS 005 20170103000000.0 008 170103s1970 it u000 u ita u 013 $a183366 040 $aSeMil$bita 100 1 $aMcCary. James Leslie.$0(OLS)http://semarc/name/93861 245 13$aLa sessualitą umana /$cdi James Leslie McCary. ; traduzione di Wolfgang Schluchter. 260 $aMilano :$bLonganesi,$c1970. 300 $a426 p. :$bill. ;$c24 cm. 490 0 $aPanorami scientifici ;$v35 650 4$aSessualitą - Educazione.$0(OLS)http://semarc/subject/22195 700 1 $aSchluchter, Wolfgang.$0(OLS)http://semarc/name/26771 830 0$aPanorami scientifici ;$v35.$0(OLS)http://semarc/title/7216 850 $aSeMil 852 $aSeMil$W1$xVenegono$y1$m3X IV 53$j155133$B155133$CSeMilBibl$Z2$F216953 $81 961 $aOmaggio: Grampa dott. Cesare 996 $6245$aLa sessualitą umana$9(OLS)http://semarc/title/409519 996 $6260$aMilano :$bLonganesi$9(OLS)http://semarc/publisher/30008 LEADER 01669nam a2200301 i 4500 001 000000208762 003 CaOOAMICUS 005 20111128000000.0 008 111128s1952 it u000 u ger u 013 $a187550 040 $aSeMil$bita 100 1 $aMaier, Anneliese <1905-1971>.$0(OLS)http://semarc/name/5533 245 10$aAn der Grenze von Scholastik und Naturwissenschaft :$bdie Struktur der materiellen Substanz, das Problem der Gravitation, die Mathematik der Formlatituden /$cAnneliese Maier. 250 $a2. Aufl. 260 $aRoma :$bEdizioni di Storia e Letteratura,$c1952. 300 $a388 p. ;$c26 cm. 490 0 $aStoria e letteratura : raccolta di studi e testi ;$v41 500 $aEsempl. n. 283 di ed. num. 650 4$aFilosofia e scienza.$0(OLS)http://semarc/subject/5794 650 4$aFilosofia della natura .$0(OLS)http://semarc/subject/4137 650 4$aNatura - Filosofia - Sec. 14.$0(OLS)http://semarc/subject/4138 773 0 $aMaier, Anneliese <1905-1971>$tStudien zur Naturphilosophie der Spätscholastik.$dRoma : Edizioni di Storia e Letteratura, 1949-1958.$kStoria e letteratura$g3$w()25897 830 0$aStoria e letteratura ;$v41.$0(OLS)http://semarc/title/420 850 $aSeMil 852 $aSeMil$W1$xVenegono$y1$m3T V 41$j159216$B159216$CSeMilBibl$Z2$F170278 $81 961 $aAcquisto: Altro 996 $6245$aAn der Grenze von Scholastik und Naturwissenschaft :$bdie Struktur der materiellen Substanz, das Problem der Gravitation, die Mathematik der Formlatituden$9(OLS)http://semarc/title/301829 996 $6260$aRoma :$bEdizioni di Storia e Letteratura$9(OLS)http://semarc/publisher/29779